The Portuguese in India: (Record no. 26574)
[ view plain ]
| 000 -LEADER | |
|---|---|
| fixed length control field | 00880cam a22002651 4500 |
| 001 - CONTROL NUMBER | |
| control field | 26574 |
| 003 - CONTROL NUMBER IDENTIFIER | |
| rucl marc code | BD-RjUL |
| 005 - DATE AND TIME OF LATEST TRANSACTION | |
| control field | 20211209051033.0 |
| 008 - FIXED-LENGTH DATA ELEMENTS--GENERAL INFORMATION | |
| fixed length control field | 140322s1966 enka 001 0 eng |
| 035 ## - SYSTEM CONTROL NUMBER | |
| System control number | (BD-RjUL)26644 |
| System control number | (OCoLC)1934489 |
| 040 ## - CATALOGING SOURCE | |
| Original cataloging agency | DLC |
| Transcribing agency | AzFU |
| Modifying agency | OCoLC |
| -- | Uk |
| -- | DLC |
| -- | BD-RjUL |
| Language of cataloging | eng |
| 041 ## - LANGUAGE CODE | |
| Language code of text/sound track or separate title | eng |
| 082 ## - DEWEY DECIMAL CLASSIFICATION NUMBER | |
| Classification number | 954.031 |
| Author mark and year | DAP V-1 1966 |
| 100 1# - MAIN ENTRY--PERSONAL NAME | |
| Personal name | Danvers, Frederick Charles, |
| Dates associated with a name | 1833-1906. |
| 9 (RLIN) | 79415 |
| 245 14 - TITLE STATEMENT | |
| Title | The Portuguese in India: |
| Remainder of title | being a history of the rise and decline of their Eastern Empire. |
| Number of part/section of a work | Volume One |
| 260 ## - PUBLICATION, DISTRIBUTION, ETC. (IMPRINT) | |
| Place of publication, distribution, etc. | London : |
| Name of publisher, distributor, etc. | Cass, |
| Date of publication, distribution, etc. | 1966. |
| 300 ## - PHYSICAL DESCRIPTION | |
| Pagination | liii, 572 p. : |
| Illustrations | fronts., plates (incl. ports., maps) table ; |
| Size | 23 cm. |
| 650 #0 - SUBJECT ADDED ENTRY--TOPICAL TERM | |
| Topical term or geographic name as entry element | Portuguese |
| Geographic subdivision | India. |
| 9 (RLIN) | 79416 |
| 651 #0 - SUBJECT ADDED ENTRY--GEOGRAPHIC NAME | |
| Geographic name | India |
| General subdivision | History. |
| 9 (RLIN) | 81729 |
| Geographic name | India |
| General subdivision | Discovery and exploration. |
| 9 (RLIN) | 79418 |
| 942 ## - ADDED ENTRY ELEMENTS (KOHA) | |
| Source of classification or shelving scheme | Dewey Decimal Classification |
| Koha item type | Books |
| Lost status | Source of classification or shelving scheme | Damaged status | Not for loan | Collection code | Permanent Location | Current Location | Shelving location | Date acquired | Source of acquisition | Cost, normal purchase price | Total Checkouts | Full call number | Date last seen | Copy number | Koha item type |
|---|---|---|---|---|---|---|---|---|---|---|---|---|---|---|---|
| Dewey Decimal Classification | Non-fiction | Central Library, University of Rajshahi | Central Library, University of Rajshahi | 18/11/1968 | Zeitlinger | 210.00 | 954.031 DAP V-1 1966 | 22/03/2014 | C-2 | Books |